[Event "19. Obert Int. Sant Marti 2017 - B"]
[Site "Barcelona ESP"]
[Date "2017.07.14"]
[Round "2.60"]
[White "Prokudin, Igor"]
[Black "Escofet Llongueras, Joan"]
[Result "1/2-1/2"]
[WhiteElo "1371"]
[BlackElo "1676"]
[PlyCount "61"]
[EventDate "2017.07.13"]
[EventType "swiss"]
[EventRounds "9"]
[EventCountry "ESP"]
[SourceTitle "Ajedrez en Madrid"]
[Source "lmi"]
[SourceDate "2017.07.13"]
[SourceVersion "1"]
[SourceVersionDate "2019.06.21"]
[SourceQuality "1"]

1. e4 e6 2. d4 d5 3. exd5 exd5 4. c4 Ne7 5. Nc3 c6 6. Nf3 Bg4 7. cxd5 Nxd5 8.
Bc4 Bb4 9. Qe2+ Qe7 10. Qxe7+ Kxe7 11. Bxd5 Bxc3+ 12. bxc3 cxd5 13. Ne5 Be6 14.
Ba3+ Kd8 15. f4 f6 16. Nf3 Nd7 17. Kf2 Rc8 18. Rac1 Nb6 19. Rhe1 Re8 20. Nd2
Nc4 21. Nxc4 Rxc4 22. Bb4 Kd7 23. Re2 Rec8 24. Rce1 R4c6 25. f5 Bxf5 26. Re7+
Kd8 27. Re8+ Kc7 28. R8e7+ Kb6 29. Rxg7 R6c7 30. Ree7 Rxe7 31. Rxe7 1/2-1/2

[Event "19. Obert Int. Sant Marti 2017 - B"]
[Site "Barcelona ESP"]
[Date "2017.07.14"]
[Round "2.61"]
[White "Grasa Solanas, Oscar"]
[Black "Alabart Paytubi, Josep"]
[Result "1-0"]
[WhiteElo "1676"]
[BlackElo "1347"]
[PlyCount "83"]
[EventDate "2017.07.13"]
[EventType "swiss"]
[EventRounds "9"]
[EventCountry "ESP"]
[SourceTitle "Ajedrez en Madrid"]
[Source "lmi"]
[SourceDate "2017.07.13"]
[SourceVersion "1"]
[SourceVersionDate "2019.06.21"]
[SourceQuality "1"]

1. c4 c5 2. g3 g6 3. Bg2 Bg7 4. Nf3 Nc6 5. O-O Nf6 6. Nc3 O-O 7. Rb1 a6 8. a3
e6 9. b4 cxb4 10. axb4 b5 11. cxb5 axb5 12. d3 Ba6 13. Bg5 Qc8 14. Qd2 d5 15.
Bh6 Ng4 16. Bxg7 Kxg7 17. Rfc1 Qd7 18. Qb2 Kg8 19. Nd1 Rac8 20. h3 Nh6 21. Rc2
Nf5 22. Rbc1 Rfe8 23. Rc5 Nfe7 24. Qd2 Kg7 25. Qb2+ Kg8 26. Ne3 Nf5 27. Ng4 Kf8
28. Nf6 Qb7 29. Nxe8 Kxe8 30. Qc3 Nfe7 31. Qh8+ Kd7 32. Qxh7 Nd8 33. Ne5+ Kd6
34. Nxf7+ Nxf7 35. Qxf7 Qb6 36. Qf4+ Kd7 37. Qd4 Qd6 38. Rxc8 Bxc8 39. Rc5 Ba6
40. h4 Nc6 41. Qg7+ Ne7 42. Bf3 1-0

[Event "19. Obert Int. Sant Marti 2017 - B"]
[Site "Barcelona ESP"]
[Date "2017.07.14"]
[Round "2.62"]
[White "Hernandez Mediavilla, Juan Jose"]
[Black "Aguilera Campana, Antonio"]
[Result "0-1"]
[WhiteElo "1312"]
[BlackElo "1674"]
[PlyCount "72"]
[EventDate "2017.07.13"]
[EventType "swiss"]
[EventRounds "9"]
[EventCountry "ESP"]
[SourceTitle "Ajedrez en Madrid"]
[Source "lmi"]
[SourceDate "2017.07.13"]
[SourceVersion "1"]
[SourceVersionDate "2019.06.21"]
[SourceQuality "1"]

1. d4 d5 2. c3 g6 3. Bf4 Bg7 4. Nf3 Nf6 5. h3 O-O 6. e3 Nc6 7. Be2 Nd7 8. O-O
e5 9. dxe5 Ndxe5 10. Nbd2 Be6 11. Rb1 a6 12. Nxe5 Nxe5 13. a3 Bf5 14. Rc1 b5
15. g4 Bc8 16. Bg3 Bb7 17. f4 Nc4 18. Nxc4 dxc4 19. Qxd8 Rfxd8 20. Rcd1 Be4 21.
Kf2 Bd3 22. Bxd3 cxd3 23. Rd2 c5 24. e4 c4 25. e5 Re8 26. Re1 Rad8 27. Kf3 Rd7
28. Re4 Rde7 29. Re3 f6 30. Re4 fxe5 31. fxe5 Bxe5 32. Bxe5 Rxe5 33. Rxe5 Rxe5
34. Kf2 Kg7 35. Rd1 Re2+ 36. Kf3 Rxb2 0-1

[Event "19. Obert Int. Sant Marti 2017 - B"]
[Site "Barcelona ESP"]
[Date "2017.07.14"]
[Round "2.63"]
[White "Tortosa Moros, Joan"]
[Black "Bermejo Cuadra, Roberto"]
[Result "1-0"]
[WhiteElo "1672"]
[BlackElo "1312"]
[PlyCount "83"]
[EventDate "2017.07.13"]
[EventType "swiss"]
[EventRounds "9"]
[EventCountry "ESP"]
[SourceTitle "Ajedrez en Madrid"]
[Source "lmi"]
[SourceDate "2017.07.13"]
[SourceVersion "1"]
[SourceVersionDate "2019.06.21"]
[SourceQuality "1"]

1. e4 e5 2. Nf3 Nc6 3. Bb5 d6 4. c3 Bg4 5. h3 Bxf3 6. Qxf3 Qf6 7. Qe2 Nge7 8.
d3 h6 9. Nd2 a6 10. Ba4 b5 11. Bb3 Ng6 12. Nf3 Nf4 13. Bxf4 exf4 14. Bd5 Kd7
15. e5 dxe5 16. Nxe5+ Qxe5 17. Qxe5 Nxe5 18. Bxa8 Nxd3+ 19. Ke2 Nxb2 20. Rab1
Ba3 21. Bb7 Re8+ 22. Kf3 g5 23. Bxa6 c6 24. c4 b4 25. c5 Kc7 26. Rhe1 Rd8 27.
Re7+ Rd7 28. Rxd7+ Kxd7 29. Re1 Na4 30. Re5 Nc3 31. Bc4 Bb2 32. Rf5 Nd5 33.
Rxf7+ Ke6 34. Rh7 Bd4 35. Rxh6+ Kd7 36. Rd6+ Kc7 37. Bxd5 cxd5 38. Rxd5 Bf6 39.
Ke4 Be7 40. Kd3 Kc6 41. Kc4 Bf8 42. Rxg5 1-0

[Event "19. Obert Int. Sant Marti 2017 - B"]
[Site "Barcelona ESP"]
[Date "2017.07.14"]
[Round "2.64"]
[White "Minko, Uliana"]
[Black "Martin Arranz, Lluis"]
[Result "0-1"]
[WhiteElo "1293"]
[BlackElo "1669"]
[PlyCount "92"]
[EventDate "2017.07.13"]
[EventType "swiss"]
[EventRounds "9"]
[EventCountry "ESP"]
[SourceTitle "Ajedrez en Madrid"]
[Source "lmi"]
[SourceDate "2017.07.13"]
[SourceVersion "1"]
[SourceVersionDate "2019.06.21"]
[SourceQuality "1"]

1. c4 e6 2. g3 Nf6 3. Bg2 d5 4. Nf3 Nc6 5. d4 Bb4+ 6. Bd2 Qe7 7. a3 Bxd2+ 8.
Nbxd2 O-O 9. b4 Bd7 10. O-O Rfd8 11. c5 a6 12. Rb1 Na7 13. Ne5 Be8 14. e4 Nb5
15. Rb3 Nxd4 16. Rd3 dxe4 17. Nxe4 Nf5 18. c6 bxc6 19. Qc2 Rxd3 20. Nxd3 Nxe4
21. Bxe4 Rd8 22. Nc5 g6 23. Nxa6 Nd4 24. Qb2 Qf6 25. Kh1 Qe7 26. Nc5 e5 27. a4
Rb8 28. Qc3 f5 29. Bb1 Bf7 30. a5 Bd5+ 31. f3 Qd6 32. Qa3 Nxf3 33. Ba2 Nd2+ 34.
Kg1 Nxf1 35. Kxf1 Bxa2 36. Qxa2+ Qd5 37. Qa3 Qc4+ 38. Kg2 Qxb4 39. Qa2+ Kh8 40.
Na6 Qb2+ 41. Qxb2 Rxb2+ 42. Kh3 Rb5 43. Nxc7 Rxa5 44. Ne8 e4 45. Nd6 e3 46. Nc4
e2 0-1

[Event "19. Obert Int. Sant Marti 2017 - B"]
[Site "Barcelona ESP"]
[Date "2017.07.14"]
[Round "2.65"]
[White "Mas Sayos, Lluis"]
[Black "Avila Lopez, Juan"]
[Result "1-0"]
[WhiteElo "1668"]
[BlackElo "1282"]
[PlyCount "41"]
[EventDate "2017.07.13"]
[EventType "swiss"]
[EventRounds "9"]
[EventCountry "ESP"]
[SourceTitle "Ajedrez en Madrid"]
[Source "lmi"]
[SourceDate "2017.07.13"]
[SourceVersion "1"]
[SourceVersionDate "2019.06.21"]
[SourceQuality "1"]

1. c4 e5 2. Nc3 Nf6 3. d3 c6 4. Nf3 Qc7 5. g3 d5 6. cxd5 cxd5 7. Bg5 d4 8. Ne4
Nxe4 9. dxe4 Bb4+ 10. Bd2 Nc6 11. Bg2 f6 12. O-O Bg4 13. Ne1 O-O-O 14. Rc1 Qa5
15. Bxb4 Qxb4 16. Nd3 Qa5 17. b4 Qb6 18. a4 Kb8 19. a5 Qb5 20. Rc5 Qb6 21. axb6
1-0

[Event "19. Obert Int. Sant Marti 2017 - B"]
[Site "Barcelona ESP"]
[Date "2017.07.14"]
[Round "2.66"]
[White "Minko, Aleksandr"]
[Black "Gonzalez Canovas, Sebastia"]
[Result "0-1"]
[WhiteElo "1275"]
[BlackElo "1657"]
[PlyCount "34"]
[EventDate "2017.07.13"]
[EventType "swiss"]
[EventRounds "9"]
[EventCountry "ESP"]
[SourceTitle "Ajedrez en Madrid"]
[Source "lmi"]
[SourceDate "2017.07.13"]
[SourceVersion "1"]
[SourceVersionDate "2019.06.21"]
[SourceQuality "1"]

1. e4 c6 2. d4 d5 3. exd5 cxd5 4. Bd3 Nf6 5. c3 Nc6 6. Bf4 Qb6 7. Qc2 h6 8. Nd2
e6 9. h3 Bd7 10. Ngf3 Rc8 11. O-O-O Nb4 12. Qb1 Nxd3+ 13. Qxd3 Bb5 14. Qe3 Qa6
15. Kb1 Bd3+ 16. Kc1 Rxc3+ 17. bxc3 Qa3# 0-1

[Event "19. Obert Int. Sant Marti 2017 - B"]
[Site "Barcelona ESP"]
[Date "2017.07.14"]
[Round "2.67"]
[White "Bois D`enghien, Noumea"]
[Black "Jimenez Molina, Victor"]
[Result "0-1"]
[WhiteElo "1270"]
[BlackElo "1646"]
[PlyCount "56"]
[EventDate "2017.07.13"]
[EventType "swiss"]
[EventRounds "9"]
[EventCountry "ESP"]
[SourceTitle "Ajedrez en Madrid"]
[Source "lmi"]
[SourceDate "2017.07.13"]
[SourceVersion "1"]
[SourceVersionDate "2019.06.21"]
[SourceQuality "1"]

1. e4 c5 2. Nf3 d6 3. Nc3 Nf6 4. Bc4 e6 5. O-O a6 6. d4 b5 7. Bd3 c4 8. Be2 Qc7
9. e5 dxe5 10. Nxe5 Bd6 11. Bf3 Ra7 12. Be3 b4 13. Na4 Nd5 14. Bxd5 exd5 15.
Re1 O-O 16. Qh5 f6 17. Nf3 Be6 18. Bd2 Bf7 19. Qg4 Qc6 20. Bh6 Bg6 21. Qe6+ Kh8
22. Bd2 Re7 23. Qh3 Rxe1+ 24. Nxe1 Qxa4 25. Qe6 Qc6 26. c3 Bxh2+ 27. Kxh2 Qxe6
28. Nf3 bxc3 0-1

[Event "19. Obert Int. Sant Marti 2017 - B"]
[Site "Barcelona ESP"]
[Date "2017.07.14"]
[Round "2.68"]
[White "Low, Ethan"]
[Black "Mahi, Amit Doshi"]
[Result "1/2-1/2"]
[WhiteElo "1643"]
[BlackElo "1268"]
[PlyCount "50"]
[EventDate "2017.07.13"]
[EventType "swiss"]
[EventRounds "9"]
[EventCountry "ESP"]
[SourceTitle "Ajedrez en Madrid"]
[Source "lmi"]
[SourceDate "2017.07.13"]
[SourceVersion "1"]
[SourceVersionDate "2019.06.21"]
[SourceQuality "1"]

1. e4 c5 2. Nf3 d6 3. Bb5+ Bd7 4. Bxd7+ Qxd7 5. c4 g6 6. Nc3 Bg7 7. d4 cxd4 8.
Nxd4 Nf6 9. h3 O-O 10. Be3 a6 11. O-O e6 12. f4 Nc6 13. f5 exf5 14. exf5 Rfe8
15. Qd2 Ne4 16. Nxe4 Rxe4 17. f6 Bf8 18. Rae1 Rae8 19. b3 Nxd4 20. Bxd4 d5 21.
Rxe4 Rxe4 22. Be3 d4 23. Bh6 Qe8 24. Bxf8 Qxf8 25. Qd3 Qe8 1/2-1/2

[Event "19. Obert Int. Sant Marti 2017 - B"]
[Site "Barcelona ESP"]
[Date "2017.07.14"]
[Round "2.69"]
[White "Torres Martinez, Jordi"]
[Black "Lobo Pereira, Arami"]
[Result "0-1"]
[WhiteElo "1634"]
[BlackElo "1206"]
[PlyCount "62"]
[EventDate "2017.07.13"]
[EventType "swiss"]
[EventRounds "9"]
[EventCountry "ESP"]
[SourceTitle "Ajedrez en Madrid"]
[Source "lmi"]
[SourceDate "2017.07.13"]
[SourceVersion "1"]
[SourceVersionDate "2019.06.21"]
[SourceQuality "1"]

1. e4 c5 2. Nf3 Nc6 3. d4 cxd4 4. Nxd4 g6 5. Be3 Bg7 6. Nc3 Nf6 7. Be2 O-O 8.
Qd2 d5 9. exd5 Nxd5 10. Nxc6 bxc6 11. Bd4 e5 12. Bc5 Re8 13. O-O Bf5 14. h3 Qa5
15. Ne4 Qxd2 16. Nxd2 Bxc2 17. Rac1 Bf5 18. Nc4 e4 19. Nd6 Red8 20. Nxf5 gxf5
21. Ba3 Rdc8 22. Rc2 e3 23. f4 Rab8 24. Bd3 Bd4 25. Kh1 Ne7 26. Bxe7 Re8 27.
Bd6 Rbd8 28. Be5 Bxe5 29. Bxf5 Bg7 30. Rxc6 e2 31. Re1 Rd1 0-1

[Event "19. Obert Int. Sant Marti 2017 - B"]
[Site "Barcelona ESP"]
[Date "2017.07.14"]
[Round "2.70"]
[White "Zubimendi Felip, Ricard"]
[Black "Pinyol I Llora, Julia"]
[Result "1-0"]
[WhiteElo "1625"]
[BlackElo "1130"]
[PlyCount "133"]
[EventDate "2017.07.13"]
[EventType "swiss"]
[EventRounds "9"]
[EventCountry "ESP"]
[SourceTitle "Ajedrez en Madrid"]
[Source "lmi"]
[SourceDate "2017.07.13"]
[SourceVersion "1"]
[SourceVersionDate "2019.06.21"]
[SourceQuality "1"]

1. e4 e5 2. Nf3 Nc6 3. Bb5 Bc5 4. O-O Nf6 5. d3 d6 6. Bg5 Bg4 7. h3 Bd7 8. Nc3
Nd4 9. Bxd7+ Qxd7 10. Nxd4 exd4 11. Ne2 O-O-O 12. f4 Rde8 13. Kh1 d5 14. e5 Ng8
15. Bh4 Ne7 16. g4 h5 17. Bxe7 Rxe7 18. Rf3 hxg4 19. Rg3 Rxh3+ 20. Kg2 Rxg3+
21. Nxg3 Re8 22. Qh1 Qb5 23. Qh5 Qxb2 24. Qxg4+ Kd8 25. Qd1 Ba3 26. Rb1 Qxa2
27. Rxb7 a5 28. Rb8+ Ke7 29. Rb7 Bc5 30. Rxc7+ Kd8 31. Rxc5 a4 32. Qd2 a3 33.
Qa5+ Ke7 34. Nf5+ Kf8 35. Nxd4 Qb2 36. Nb3 a2 37. Qc3 Qxc3 38. Rxc3 Ra8 39. Na1
Ke7 40. f5 f6 41. d4 Ra7 42. Kf2 Ra5 43. Ke2 Rb5 44. Rb3 Ra5 45. Kd2 Kf7 46.
Kc1 Ra4 47. c3 Rc4 48. Kb2 Ra4 49. Ra3 Rxa3 50. Kxa3 Ke7 51. Kxa2 Kf7 52. Nb3
Ke7 53. Nc5 Kf7 54. Kb3 Ke7 55. Kb4 Kf7 56. Kb5 Ke7 57. Kc6 Kf7 58. e6+ Ke7 59.
Kxd5 Kf8 60. Kc6 Ke7 61. d5 Kd8 62. Nb7+ Ke8 63. d6 Kf8 64. d7 Kg8 65. d8=Q+
Kh7 66. e7 Kh6 67. Qh8+ 1-0

[Event "19. Obert Int. Sant Marti 2017 - B"]
[Site "Barcelona ESP"]
[Date "2017.07.14"]
[Round "2.71"]
[White "Sanchez Rodriguez, Raul"]
[Black "Ylla Soro, Rafael"]
[Result "1-0"]
[WhiteElo "1228"]
[BlackElo "1612"]
[PlyCount "59"]
[EventDate "2017.07.13"]
[EventType "swiss"]
[EventRounds "9"]
[EventCountry "ESP"]
[SourceTitle "Ajedrez en Madrid"]
[Source "lmi"]
[SourceDate "2017.07.13"]
[SourceVersion "1"]
[SourceVersionDate "2019.06.21"]
[SourceQuality "1"]

1. e4 c5 2. Nc3 a6 3. b3 Nc6 4. Nf3 e6 5. d3 Qc7 6. Bb2 Nf6 7. Be2 b5 8. a4 b4
9. Nb1 a5 10. Nbd2 e5 11. Nc4 d6 12. O-O Nd4 13. Nxd4 cxd4 14. h3 Be6 15. Bc1
h6 16. f4 Be7 17. Bg4 Bxg4 18. hxg4 Nd7 19. fxe5 dxe5 20. Qf3 Rf8 21. Qf5 Ra6
22. g5 hxg5 23. Bxg5 Bxg5 24. Qxg5 Rg6 25. Qh5 Rh6 26. Qg5 Rg8 27. Rf5 f6 28.
Qg4 Nc5 29. Rh5 Qf7 30. Nd6+ 1-0

[Event "19. Obert Int. Sant Marti 2017 - B"]
[Site "Barcelona ESP"]
[Date "2017.07.14"]
[Round "2.72"]
[White "Orts Gonzalez, Rafael"]
[Black "Sagar, Siya"]
[Result "0-1"]
[WhiteElo "1026"]
[BlackElo "1608"]
[PlyCount "74"]
[EventDate "2017.07.13"]
[EventType "swiss"]
[EventRounds "9"]
[EventCountry "ESP"]
[SourceTitle "Ajedrez en Madrid"]
[Source "lmi"]
[SourceDate "2017.07.13"]
[SourceVersion "1"]
[SourceVersionDate "2019.06.21"]
[SourceQuality "1"]

1. d4 Nf6 2. Bf4 g6 3. c3 d5 4. Be5 Bg7 5. Bxf6 Bxf6 6. e3 O-O 7. c4 dxc4 8.
Bxc4 c5 9. Ne2 Nc6 10. Bb5 Qa5+ 11. Nbc3 cxd4 12. exd4 Nxd4 13. Qa4 Qb6 14. O-O
Nxb5 15. Qxb5 Qxb5 16. Nxb5 Bxb2 17. Nec3 Bxa1 18. Rxa1 Bf5 19. Re1 e6 20. Nd6
b6 21. h3 Rfd8 22. g4 Rxd6 23. gxf5 gxf5 24. a4 Rad8 25. Kh1 Rd4 26. Ra1 Rd3
27. Nb5 a5 28. Rc1 Rb3 29. Rc6 Rb8 30. Na7 Rb4 31. Nc8 b5 32. axb5 R4xb5 33.
Nd6 R5b6 34. Rc8+ Rxc8 35. Nxc8 Rb1+ 36. Kg2 a4 37. Na7 a3 0-1

[Event "19. Obert Int. Sant Marti 2017 - B"]
[Site "Barcelona ESP"]
[Date "2017.07.15"]
[Round "3.1"]
[White "Julia Yebra, David"]
[Black "Samrat, Ghorai"]
[Result "0-1"]
[WhiteElo "1840"]
[BlackElo "1938"]
[PlyCount "102"]
[EventDate "2017.07.13"]
[EventType "swiss"]
[EventRounds "9"]
[EventCountry "ESP"]
[SourceTitle "Ajedrez en Madrid"]
[Source "lmi"]
[SourceDate "2017.07.13"]
[SourceVersion "1"]
[SourceVersionDate "2019.06.21"]
[SourceQuality "1"]

1. c4 e5 2. Nc3 Nc6 3. g3 g6 4. Bg2 Bg7 5. d3 d6 6. Nf3 h6 7. O-O Be6 8. a3 f5
9. Qc2 Nge7 10. e3 O-O 11. Ne2 g5 12. Ne1 Ng6 13. f4 Qd7 14. Bd2 Rab8 15. Rd1
exf4 16. gxf4 Nh4 17. d4 Nxg2 18. Nxg2 d5 19. c5 Ne7 20. Rf3 g4 21. Rff1 Qe8
22. Kf2 Bf6 23. Rh1 b6 24. h3 Bg7 25. Ng3 Bd7 26. Bc3 bxc5 27. dxc5 Ba4 28. Qd3
Bxd1 29. Bxg7 Kxg7 30. Qd4+ Kh7 31. Rxd1 Qg6 32. b4 gxh3 33. Nh4 Qf6 34. Nf3
Qxd4 35. Nxd4 c6 36. Rh1 a5 37. Nc2 axb4 38. axb4 Ra8 39. Ke2 Kg6 40. Rxh3 Ng8
41. Kd3 Nf6 42. Ne2 Ng4 43. Rf3 h5 44. Ng1 h4 45. Kc3 Rh8 46. Nh3 Nf6 47. Rf1
Ne4+ 48. Kd3 Kf6 49. Rb1 Rhg8 50. Kd4 Rg2 51. Kd3 Rd2# 0-1

[Event "19. Obert Int. Sant Marti 2017 - B"]
[Site "Barcelona ESP"]
[Date "2017.07.15"]
[Round "3.2"]
[White "Majumdar, Shankar"]
[Black "Perez Garcia, Francisco Jose"]
[Result "1-0"]
[WhiteElo "1934"]
[BlackElo "1814"]
[PlyCount "47"]
[EventDate "2017.07.13"]
[EventType "swiss"]
[EventRounds "9"]
[EventCountry "ESP"]
[SourceTitle "Ajedrez en Madrid"]
[Source "lmi"]
[SourceDate "2017.07.13"]
[SourceVersion "1"]
[SourceVersionDate "2019.06.21"]
[SourceQuality "1"]

1. d4 Nf6 2. Nf3 e6 3. Bf4 c5 4. e3 Nc6 5. c3 Be7 6. Bd3 O-O 7. h3 b6 8. Nbd2
Bb7 9. O-O cxd4 10. exd4 Qc8 11. Re1 Ba6 12. Bc2 Qb7 13. Rc1 Nd5 14. Bg5 d6 15.
c4 Ndb4 16. Bb1 Nxd4 17. Bxe7 Nxf3+ 18. Nxf3 Qxe7 19. Qa4 Bb7 20. Qxb4 Bxf3 21.
gxf3 Qg5+ 22. Kf1 Qh4 23. Qc3 Qxh3+ 24. Ke2 1-0

[Event "19. Obert Int. Sant Marti 2017 - B"]
[Site "Barcelona ESP"]
[Date "2017.07.15"]
[Round "3.3"]
[White "Gil Gil, Antoni"]
[Black "Espinosa Cebrian, Carlos"]
[Result "0-1"]
[WhiteElo "1823"]
[BlackElo "1921"]
[PlyCount "80"]
[EventDate "2017.07.13"]
[EventType "swiss"]
[EventRounds "9"]
[EventCountry "ESP"]
[SourceTitle "Ajedrez en Madrid"]
[Source "lmi"]
[SourceDate "2017.07.13"]
[SourceVersion "1"]
[SourceVersionDate "2019.06.21"]
[SourceQuality "1"]

1. e4 c5 2. Nf3 d6 3. d4 cxd4 4. Nxd4 Nf6 5. Nc3 g6 6. Be3 Bg7 7. f3 O-O 8. Qd2
Nc6 9. Nde2 Ne5 10. Ng1 Be6 11. Bh6 Qb6 12. Bxg7 Kxg7 13. O-O-O Rfc8 14. g4 Bc4
15. g5 Bxf1 16. gxf6+ exf6 17. Nd5 Qb5 18. Qf4 f5 19. Nc3 Rxc3 20. bxc3 Bg2 21.
exf5 Nc4 22. f6+ Kg8 23. Rd4 Qb2+ 24. Kd1 Qb1+ 25. Qc1 Ne3+ 26. Kd2 Qxc1+ 27.
Kxc1 Nf5 28. Rb4 b6 29. h4 Bxh1 30. h5 Re8 31. Kd2 Re6 32. Rc4 Rxf6 33. h6 Kf8
34. Rc8+ Ke7 35. Rc7+ Ke6 36. Nh3 Nxh6 37. Ng5+ Kf5 38. Nxh7 Re6 39. Nf8 Re8
40. Nh7 Rh8 0-1

[Event "19. Obert Int. Sant Marti 2017 - B"]
[Site "Barcelona ESP"]
[Date "2017.07.15"]
[Round "3.4"]
[White "Gomez Parla, Josep"]
[Black "Atul, Kumar"]
[Result "1/2-1/2"]
[WhiteElo "1808"]
[BlackElo "1907"]
[PlyCount "163"]
[EventDate "2017.07.13"]
[EventType "swiss"]
[EventRounds "9"]
[EventCountry "ESP"]
[SourceTitle "Ajedrez en Madrid"]
[Source "lmi"]
[SourceDate "2017.07.13"]
[SourceVersion "1"]
[SourceVersionDate "2019.06.21"]
[SourceQuality "1"]

1. e4 g6 2. d4 Bg7 3. Be3 d6 4. Qd2 c6 5. Nc3 b5 6. a3 a6 7. Be2 Nd7 8. f4 Qc7
9. Nf3 Ngf6 10. h3 Bb7 11. e5 Nd5 12. Nxd5 cxd5 13. c3 Nb6 14. O-O Nc4 15. Bxc4
bxc4 16. exd6 Qxd6 17. Ne5 Bc8 18. g4 f6 19. Nf3 Rb8 20. Rf2 Rb3 21. Qc2 Bd7
22. Nd2 Rb7 23. Re1 O-O 24. Nf3 Rfb8 25. Bc1 Be8 26. Rfe2 Bf7 27. Kg2 Bh6 28.
g5 Bf8 29. h4 Rb6 30. Nh2 Qd7 31. Kg3 Be6 32. Re3 Bf5 33. Qf2 Kf7 34. Qf3 Qd6
35. Ng4 R6b7 36. R3e2 Bg7 37. Ne3 Be4 38. Qf2 Rc8 39. Ng4 Rh8 40. Ne5+ Kf8 41.
Nxc4 Qc7 42. Nd2 f5 43. Nf3 e6 44. Ne5 Ke7 45. Qe3 Rhb8 46. Nd3 h6 47. Ne5 Bxe5
48. fxe5 hxg5 49. Qxg5+ Kd7 50. Qxg6 Re8 51. Qg7+ Kc8 52. Qxc7+ Kxc7 53. Bg5
Kc6 54. a4 a5 55. Rc1 Bd3 56. Re3 Bc4 57. b4 axb4 58. cxb4 Ra8 59. b5+ Kb6 60.
Ra1 Rh7 61. Rea3 Rha7 62. Bd2 Bxb5 63. a5+ Kc6 64. Kf4 Be2 65. Bb4 Rh7 66. Be1
Rg8 67. a6 Ra7 68. Ke3 Bc4 69. Bb4 Rga8 70. Kf4 Rxa6 71. Rxa6+ Rxa6 72. Rxa6+
Bxa6 73. Kg5 f4 74. h5 f3 75. Be1 Bd3 76. Kf6 Bf5 77. Kg5 Kb5 78. Bf2 Kc4 79.
Kf4 Be4 80. Ke3 Kc3 81. h6 Kc2 82. h7 1/2-1/2

[Event "19. Obert Int. Sant Marti 2017 - B"]
[Site "Barcelona ESP"]
[Date "2017.07.15"]
[Round "3.5"]
[White "Pera Muntasell, Marc"]
[Black "Fabregas Fontanet, Antonio"]
[Result "1-0"]
[WhiteElo "1800"]
[BlackElo "1903"]
[PlyCount "127"]
[EventDate "2017.07.13"]
[EventType "swiss"]
[EventRounds "9"]
[EventCountry "ESP"]
[SourceTitle "Ajedrez en Madrid"]
[Source "lmi"]
[SourceDate "2017.07.13"]
[SourceVersion "1"]
[SourceVersionDate "2019.06.21"]
[SourceQuality "1"]

1. e4 g6 2. d4 Bg7 3. Nc3 d6 4. Nf3 Nd7 5. Be2 e5 6. Be3 Ngf6 7. h3 O-O 8. O-O
c6 9. a4 Re8 10. dxe5 dxe5 11. Qd2 Qc7 12. Rfd1 Bf8 13. Qc1 Bb4 14. Nd2 Nc5 15.
Bf3 Ne6 16. Nc4 b6 17. Nd2 Bb7 18. Ne2 Rad8 19. c3 Be7 20. Qc2 c5 21. Nc4 Bc6
22. b3 a6 23. a5 b5 24. Nb6 Qb7 25. Ng3 Nf4 26. c4 Ne6 27. Nd5 Nd4 28. Qc3 b4
29. Qd3 Qc8 30. Kh2 Qe6 31. Ne2 Nxf3+ 32. gxf3 Bd7 33. Ng1 Bc8 34. Qf1 Rd7 35.
Qg2 Red8 36. Ne2 Nh5 37. Rg1 Ng7 38. Rgc1 f5 39. Rg1 f4 40. Bc1 Qf7 41. Bb2 Bd6
42. Nc1 Ne6 43. Nd3 Nd4 44. Bxd4 exd4 45. Qg5 Rf8 46. e5 Be7 47. Qxf4 Qe6 48.
Qg4 Rxd5 49. cxd5 Qxd5 50. Nf4 Rxf4 51. Qxf4 Qxb3 52. Qe4 Qe6 53. Rg3 Bd7 54.
Rag1 Kg7 55. h4 Bc6 56. Qf4 Qd5 57. h5 Be8 58. hxg6 Bxg6 59. Rh3 Kg8 60. Qh6
Qxe5+ 61. f4 Qf6 62. Qxh7+ Kf8 63. Rxg6 Qxf4+ 64. Kg2 1-0

[Event "19. Obert Int. Sant Marti 2017 - B"]
[Site "Barcelona ESP"]
[Date "2017.07.15"]
[Round "3.6"]
[White "Serra Vilaro, Agustin"]
[Black "Bernat, Ernest"]
[Result "1-0"]
[WhiteElo "1770"]
[BlackElo "1889"]
[PlyCount "69"]
[EventDate "2017.07.13"]
[EventType "swiss"]
[EventRounds "9"]
[EventCountry "ESP"]
[SourceTitle "Ajedrez en Madrid"]
[Source "lmi"]
[SourceDate "2017.07.13"]
[SourceVersion "1"]
[SourceVersionDate "2019.06.21"]
[SourceQuality "1"]

1. d4 d5 2. c3 Nf6 3. Nd2 e6 4. e3 c5 5. Bd3 Bd6 6. Ngf3 O-O 7. O-O b6 8. Qe2
Bb7 9. Ne5 Nbd7 10. f4 Re8 11. Qf3 Qe7 12. Kh1 Nf8 13. g4 N6d7 14. g5 a5 15.
Rg1 Bxe5 16. fxe5 Ng6 17. Qg3 Ba6 18. Bc2 cxd4 19. exd4 Ngf8 20. Nf3 Be2 21.
Bd2 b5 22. Rae1 Bxf3+ 23. Qxf3 b4 24. Ref1 Nb6 25. Rg4 Nc4 26. Bc1 bxc3 27.
bxc3 Ra7 28. Rf4 Rc8 29. h4 Rcc7 30. h5 Qxg5 31. Rg1 Qd8 32. Rfg4 g6 33. Bg5
Qc8 34. Bf6 Nxe5 35. Bxe5 1-0

[Event "19. Obert Int. Sant Marti 2017 - B"]
[Site "Barcelona ESP"]
[Date "2017.07.15"]
[Round "3.7"]
[White "Elizondo Marquet, Juan Marcos"]
[Black "Sarrate Presas, Jordi"]
[Result "0-1"]
[WhiteElo "1887"]
[BlackElo "1770"]
[PlyCount "120"]
[EventDate "2017.07.13"]
[EventType "swiss"]
[EventRounds "9"]
[EventCountry "ESP"]
[SourceTitle "Ajedrez en Madrid"]
[Source "lmi"]
[SourceDate "2017.07.13"]
[SourceVersion "1"]
[SourceVersionDate "2019.06.21"]
[SourceQuality "1"]

1. e4 c5 2. Nf3 a6 3. c4 e6 4. d4 cxd4 5. Nxd4 Nf6 6. Nc3 Bb4 7. Nc2 Bxc3+ 8.
bxc3 Nxe4 9. Qg4 f5 10. Qxg7 Qf6 11. Qxf6 Nxf6 12. Bf4 Nc6 13. Nd4 Ne7 14. Be5
Kf7 15. Be2 Ng6 16. Bc7 Ne4 17. Rc1 Ke7 18. f3 Nc5 19. Nb3 Na4 20. c5 e5 21. h4
Kf6 22. g3 Ne7 23. f4 exf4 24. gxf4 Nc6 25. Nd4 Re8 26. Bd6 b6 27. Nxc6 dxc6
28. Be5+ Ke7 29. Rg1 Nxc5 30. Rg7+ Kf8 31. Rxh7 Be6 32. Rd1 Ne4 33. Bh5 Bg8 34.
Bxe8 Rxe8 35. Rh8 Nxc3 36. Rd7 Nd5 37. Kf2 Ne7 38. Bd6 Kg7 39. Rxg8+ Kxg8 40.
Rxe7 Rxe7 41. Bxe7 Kf7 42. Bd8 b5 43. Bb6 Kg6 44. Ke3 Kh5 45. Bd8 c5 46. Be7 c4
47. Kd4 Kg4 48. Ke5 c3 49. h5 Kxh5 50. Kxf5 a5 51. Ke6 b4 52. Bf6 a4 53. Bd4 c2
54. Be3 b3 55. axb3 a3 56. f5 a2 57. f6 a1=Q 58. f7 Qa6+ 59. Ke7 Qb7+ 60. Kf8
Kg6 0-1